| 000 | 00714nam a2200229Ia 4500 | ||
|---|---|---|---|
| 001 | 261 | ||
| 003 | GE_BSU | ||
| 008 | 181216s||||||||xx |||||||||||||| ||und|| | ||
| 020 | _a9789941125508 | ||
| 040 | _cGE_BSU | ||
| 080 | _a32.001 | ||
| 100 | _aბიჭიაშვილი, მამუკა | ||
| 245 | _aპოლიტიკური თეორიები. წიგნი 2-ე | ||
| 245 | _cრედ:გოგატაშვილი მიხეილ, ქერქაძე დემურ | ||
| 260 | _aთბილისი | ||
| 260 | _bუნივერსალი | ||
| 260 | _c2009 | ||
| 300 | _a236გვ. | ||
| 541 | _h8ლ. | ||
| 653 | _aპოლიტიკა | ||
| 942 | _cBK | ||
| 999 |
_c34511 _d34511 |
||